| 000 | 00728nas a2200229 4500 | ||
|---|---|---|---|
| 001 | BR9703377 | ||
| 003 | BR-BrBNA | ||
| 005 | 20231205100313.0 | ||
| 007 | ta | ||
| 008 | 230509b bl.|||p| |||| 00| 00por d | ||
| 040 |
_aBR-BrBNA _bpor _cBiblioteca Nacional de Agricultura |
||
| 041 | _a(Pt) | ||
| 072 | _aP35 | ||
| 100 | 1 | _aPombo, L.C.A. | |
| 245 | 1 | _aComparacao de dois metodos para avaliar, em solos, o cadmio disponivel para as plantas | |
| 650 | _aPlanta | ||
| 650 | _aCadmio | ||
| 650 | _aDisponibilidade de Nutriente | ||
| 773 | 0 |
_tRevista Brasileira de Ciencia do Solo (Brazil) _xISSN 0100-0683 _g(Sep-Dec 1996), v. 20(3) p. 423-428 _wBR9703377 |
|
| 909 |
_a202311 _bLúcia _c55 _dLúcia Elande |
||
| 942 |
_2AGRIS _n0 _cANA |
||
| 999 |
_c155249 _d155249 |
||